Process of the organize Eco-tourism with community participation located in chi path commune thmar bang district kohkong province, ដំណើរការរៀបចំទេសចរណ៍ដោយមានការចូលរួមពីសហគមន៍នៅឃុំជីផាត ស្រុកថ្មបាំង ខេត្តកោះកុង (Record no. 3363)

000 -LEADER
fixed length control field 00727nam a22001577a 4500
003 - CONTROL NUMBER IDENTIFIER
control field OSt
005 - DATE AND TIME OF LATEST TRANSACTION
control field 20230313172250.0
008 - FIXED-LENGTH DATA ELEMENTS--GENERAL INFORMATION
fixed length control field 151112b xxu||||| |||| 00| 0 eng d
040 ## - CATALOGING SOURCE
Transcribing agency RUA
082 ## - DEWEY DECIMAL CLASSIFICATION NUMBER
Classification number FOR
Edition number LAY 2008 B135 Or.1
100 ## - MAIN ENTRY--PERSONAL NAME
9 (RLIN) 3613
Personal name LAY, BUNTHA.
245 ## - TITLE STATEMENT
Title Process of the organize Eco-tourism with community participation located in chi path commune thmar bang district kohkong province, ដំណើរការរៀបចំទេសចរណ៍ដោយមានការចូលរួមពីសហគមន៍នៅឃុំជីផាត ស្រុកថ្មបាំង ខេត្តកោះកុង
260 ## - PUBLICATION, DISTRIBUTION, ETC. (IMPRINT)
Place of publication, distribution, etc. Phnom Penh
Name of publisher, distributor, etc. RUA
Date of publication, distribution, etc. 2008
300 ## - PHYSICAL DESCRIPTION
Extent xii; 44p.
Other physical details ill.
Dimensions 29cm.
942 ## - ADDED ENTRY ELEMENTS (KOHA)
Source of classification or shelving scheme
Koha item type FIS
Holdings
Price effective from Date last seen Permanent Location Not for loan Date acquired Source of classification or shelving scheme Koha item type Lost status Withdrawn status Date last checked out Total Checkouts Shelving location Damaged status Barcode Current Location Full call number
2015-11-122015-11-12Library Block B 2015-11-12 FIS    B135 RUA027010Library Block BFOR LAY 2008 B135 Or.1
2015-11-122015-11-12Library Block B 2015-11-12 FIS    B135 RUA028200Library Block BFOR LAY 2008 B135 Or.2
2015-11-122023-01-27Library Block B 2015-11-12 FIS  2023-01-251B135 RUA028496Library Block BFOR LAY 2008 B135 Or.3
2015-11-122015-11-12Library Block B 2015-11-12 FIS    B135 RUA028483Library Block BFOR LAY 2008 B135 Or.4
2015-11-122015-11-12Library Block B 2015-11-12 FIS    B135 RUA028124Library Block BFOR LAY 2008 B135 Or.5
2015-11-122015-11-12Library Block B 2015-11-12 FIS    B136 RUA028923Library Block BFOR LAY 2008 B136 Or.6
2015-11-132015-11-13Library Block B 2015-11-13 FOR    B135 RUA027121Library Block BFOR LAY 2008 B135 Or.7
2015-11-132017-08-23Library Block B 2015-11-13 FOR  2017-08-031B135 RUA027154Library Block BFOR LAY 2008 B135 Or.8
2015-11-132021-08-16Library Block B 2015-11-13 FOR  2021-07-191B135 RUA027083Library Block BFOR LAY 2008 B135 Or.9
2017-10-062017-10-06Library Block B 2017-10-06 FIS    B136 A27881Library Block BFOR LAY 2008 B136 Or.10
មជ្ឈមណ្ឌលឯការនៃសាកលវិទ្យាល័យភូមិន្ទកសិកម្មចំការដូង

Powered by Koha